LEADER 01438nam a2200289 i 4500 001 000000177556 003 CaOOAMICUS 005 20110111000000.0 008 110111s2007 it u000 u ita u 013 $a155090 040 $aSeMil$bita 100 1 $aFerrario, Carla.$0(OLS)http://semarc/name/66066 245 10$aDonne milanesi 1857-2007 :$bstorie di caritā /$cTesto di Carla Ferrario ; a cura di Graziella Buccellati e Benedetta Manetti. 260 $a[S.l.] :$bBietti,$ccopyr. 2007. 300 $aV, 248 p. :$briccamente ill. ;$c30 cm. 500 $aA pič del front. : Dono di suor Valeria, Figlia della Caritā. 650 4$aSocietā delle dame di S. Vincenzo - Storia.$0(OLS)http://semarc/subject/33919 650 4$aFiglie della caritā di San Vincenzo de' Paoli.$0(OLS)http://semarc/subject/15710 650 4$aMilano - Donne - Storia - 1857-2007.$0(OLS)http://semarc/subject/33921 650 4$aMilano - Caritā - Storia - 1857-2007.$0(OLS)http://semarc/subject/33922 700 1 $aManetti, Benedetta.$0(OLS)http://semarc/name/66067 700 1 $aBuccellati, Graziella.$0(OLS)http://semarc/name/31456 850 $aSeMil 852 $aSeMil$W1$xVenegono$y1$m3O V 27$j128362$B128362$CSeMilBibl$Z2$F142781 $81 961 $aOmaggio: Braccini Annamaria 996 $6245$aDonne milanesi 1857-2007 :$bstorie di caritā$9(OLS)http://semarc/title/255031 996 $6260$a[S.l.] :$bBietti$9(OLS)http://semarc/publisher/34951 LEADER 01040nam a2200229 i 4500 001 000000075700 003 CaOOAMICUS 005 20220817104841.0 008 110705s1809 it u000 u ita u 013 $a46872 026 $ai,an o:n- e-m- 17ne (3) 1809 (A) 040 $aSeMil$bita 100 1 $aBembo, Pietro,$c.$0(OLS)http://semarc/name/1253 245 10$aVol. 1. 300 $a[VII], 416 p. 490 0 $aEdizione delle opere classiche italiane 773 0 $aBembo, Pietro $tDella istoria viniziana di m. Pietro Bembo cardinale da lui volgarizzata libri dodici secondo l'originale pubblicati. Volume primo [-secondo].$dMilano : Dalla Soc. Tip. de' Classici Italiani, contrada di S. Margherita, n.° 1118, 1809.$g1$w()25154 830 0$aEdizione delle opere classiche italiane.$0(OLS)http://semarc/title/33675 850 $aSeMil 852 $aSeMil$W1$xVenegono$y1$m1G I 2 FA$j41852$B41852$CSeMilBibl$Z2$F41856 $8I 996 $6245$aVol. 1$9(OLS)http://semarc/title/13429